Größte Städte in Deutschland ohne "Bahnhof" - Statistiken

Allgemein
  • Dieses Quiz wurde 43 mal gespielt
  • Das Durchschnittsergebnis liegt bei 4 aus 10
Antwortstatistiken
Landkreis Einwohner Antwort % Korrekt
Aurich 43.400 Aurich
82%
Unna 50.700 Bergkamen
61%
Städteregion Aachen 39.700 Würselen
55%
Recklinghausen 36.600 Datteln
42%
Mettmann 46.000 Monheim am Rhein
42%
Märkischer Kreis 34.000 Hemer
37%
Wesel 39.400 Kamp-Lintfort
32%
Rhein-Sieg-Kreis 41.200 Niederkassel
26%
Rheinisch-Bergischer Kreis 34.700 Wermelskirchen
24%
Diepholz 33.900 Stuhr
18%
Keine übereinstimmenden Quizze gefunden
Verteilung der Resultate
Anzahl Personen mit jedem Resultat
Perzentil nach korrekt beantworteten Fragen
Ihre Resultats-Entwicklung
Sie haben dieses Quiz noch nicht gespielt